000
00366nam a22001217a 4500
003
SGT
082
_a
891.4309
_b
M20R
100
_a
राय, सरयू
245
_a
मेनहर्ट नियुक्ति घोटाला : लम्हो की खता
260
_b
नेचर फाउंडेशन
_c
2020
300
_a
168
942
_2
ddc
_c
BK
999
_c
30279
_d
30279